000 00807nam a2200253Ia 4500
003 OSt
005 20220918170849.0
006 a|||||r|||| 00| 0
007 ta
008 220917b |||||||| |||| 00| 0 eng d
020 _a9780748633012 (hbk)
_c3751.5
024 _a236,697
037 _b26517, 07/11/2008, Segment Book Distributors
_cTextual
040 _aARTS
_cARTS
_beng
041 _2eng
_aeng
082 _aO111,2J64:g, P8
100 _aBelsey Catherine
_918994
245 0 _aShakespeare in theory and practice
260 _aEdinburgh
_bEdinburgh University Press UK
_c2008
300 _avii, 207p.
_ccm.
650 _aENGLISH LITERATURE
942 _hO111,2J64:g, P8
_cTEXL
_2CC
999 _c136307
_d136307